[Event "NAYCC U16"]
[Site "Toronto CAN"]
[Date "2013.08.17"]
[Round "6"]
[White "Li, Robert"]
[Black "Thanabalachandran, Kajan"]
[Result "0-1"]
[WhiteElo "1847"]
[BlackElo "1823"]
[PlyCount "106"]
[GameId "2160767909292529"]
[EventDate "2013.08.14"]
[EventType "swiss"]
[EventRounds "9"]
[EventCountry "CAN"]
[SourceTitle "EXT 2022"]
[Source "ChessBase"]
[SourceDate "2021.10.06"]
[SourceVersion "1"]
[SourceVersionDate "2021.10.06"]
[SourceQuality "1"]

1. e4 c5 2. Nf3 e6 3. d4 cxd4 4. Nxd4 Nf6 5. Nc3 Qb6 6. Nb3 Bb4 7. Bd3 d5 8. exd5 Nxd5 9. Bd2 Nxc3 10. bxc3 Bd6 11. O-O O-O 12. Rb1 Qc7 13. Qh5 g6 14. Qh6 Be5 15. Nd4 Nc6 16. Nf3 Bg7 17. Qh4 Qe7 18. Qa4 Ne5 19. Nxe5 Bxe5 20. Rfe1 Qc7 21. Qb4 Bxh2+ 22. Kh1 Be5 23. Be4 Rd8 24. Rbd1 Rxd2 25. Rxd2 Bxc3 26. Rd8+ Qxd8 27. Qxc3 Qe7 28. Bf3 Bd7 29. Bxb7 Rb8 30. Qc7 Qd8 31. Qxd8+ Rxd8 32. Rd1 Kf8 33. c4 Ke7 34. Rd3 Bc8 35. Rxd8 Kxd8 36. Bf3 Ba6 37. c5 Kc7 38. Kh2 Bc4 39. a3 Bd5 40. Bd1 Kc6 41. Kg3 Kxc5 42. f3 e5 43. Kh4 f6 44. Kg4 Kd4 45. Kh4 Kc3 46. g4 Bb3 47. Be2 Kb2 48. g5 f5 49. Bd3 Kxa3 50. Kg3 Kb2 51. Ba6 Kc3 52. Kf2 Bc4 53. Bc8 a5 0-1

[Event "NAYCC U16"]
[Site "Toronto CAN"]
[Date "2013.08.17"]
[Round "6"]
[White "Nasir, Zehn"]
[Black "Bao, Tony Bohan"]
[Result "1-0"]
[WhiteElo "2089"]
[BlackElo "1895"]
[PlyCount "123"]
[GameId "2160767909292530"]
[EventDate "2013.08.14"]
[EventType "swiss"]
[EventRounds "9"]
[EventCountry "CAN"]
[SourceTitle "EXT 2022"]
[Source "ChessBase"]
[SourceDate "2021.10.06"]
[SourceVersion "1"]
[SourceVersionDate "2021.10.06"]
[SourceQuality "1"]

1. e4 e6 2. d4 d5 3. Nd2 Nf6 4. e5 Nfd7 5. Ngf3 c5 6. c3 Nc6 7. Bd3 Qb6 8. O-O cxd4 9. cxd4 Nxd4 10. Nxd4 Qxd4 11. Nf3 Qb6 12. Qa4 Bc5 13. Qg4 g6 14. a3 Qb3 15. Bb1 b6 16. Ba2 Qd3 17. Bf4 a5 18. Rac1 Qf5 19. Qg3 h5 20. h3 Be7 21. Qh2 Qe4 22. Rfe1 Qa4 23. Bb1 Nc5 24. Bc2 Qb5 25. b4 axb4 26. Nd4 Qa5 27. Nc6 Qb5 28. Nxe7 Kxe7 29. Bg5+ Ke8 30. Qf4 Nd7 31. axb4 Qc4 32. Qxc4 dxc4 33. Be4 Rb8 34. Rxc4 Nxe5 35. Rxc8+ Rxc8 36. Bf6 Rf8 37. Bxe5 Rc4 38. b5 Ke7 39. Bc6 Rc8 40. Rd1 R8xc6 41. bxc6 Rxc6 42. Ra1 b5 43. Ra7+ Ke8 44. Rb7 Rc5 45. Bd6 Rd5 46. Bb4 Rf5 47. f3 Kd8 48. Kf2 Kc8 49. Ra7 h4 50. Ra2 Kb7 51. Rd2 Rf4 52. Be7 Kc6 53. Ke3 Rc4 54. Rd6+ Kc7 55. Rd4 Rc2 56. Rd2 Rc4 57. f4 Kc6 58. Bxh4 b4 59. Bf6 b3 60. Rb2 Rb4 61. g3 Kb5 62. Be7 1-0

[Event "NAYCC U16"]
[Site "Toronto CAN"]
[Date "2013.08.17"]
[Round "6"]
[White "Qian, Owen"]
[Black "Sun, Mike"]
[Result "1/2-1/2"]
[WhiteElo "2025"]
[BlackElo "2021"]
[PlyCount "104"]
[GameId "2160767909292531"]
[EventDate "2013.08.14"]
[EventType "swiss"]
[EventRounds "9"]
[EventCountry "CAN"]
[SourceTitle "EXT 2022"]
[Source "ChessBase"]
[SourceDate "2021.10.06"]
[SourceVersion "1"]
[SourceVersionDate "2021.10.06"]
[SourceQuality "1"]

1. d4 Nf6 2. c4 c5 3. d5 e6 4. Nc3 exd5 5. cxd5 d6 6. e4 g6 7. Nf3 Bg7 8. h3 O-O 9. Bd3 Na6 10. O-O Nc7 11. Re1 a6 12. a4 Rb8 13. Qe2 Re8 14. Nd2 Nfxd5 15. Nxd5 Nxd5 16. Nc4 Qf6 17. Qd2 Nb4 18. Bf1 Rd8 19. Rd1 Be6 20. Qf4 d5 21. Qg3 h6 22. Bf4 Rbc8 23. Be5 Qg5 24. Qxg5 hxg5 25. Bxg7 Kxg7 26. Nb6 Rb8 27. exd5 Nxd5 28. Nxd5 Rxd5 29. Rdc1 Rc8 30. Bc4 Rd6 31. Bxe6 Rxe6 32. Rc2 Rec6 33. a5 Kf6 34. Rc4 R8c7 35. Re1 Re7 36. Rec1 Rec7 37. Re1 Kg7 38. g4 b5 39. axb6 Rxb6 40. Rec1 Rxb2 41. Rxc5 Rxc5 42. Rxc5 Rb5 43. Rc6 a5 44. Ra6 Rb1+ 45. Kg2 Ra1 46. Kf3 a4 47. Ke3 a3 48. Kf3 Rh1 49. Kg2 Ra1 50. Kf3 Ra2 51. Kg2 Ra1 52. Kf3 Kf8 1/2-1/2

[Event "NAYCC U16"]
[Site "Toronto CAN"]
[Date "2013.08.17"]
[Round "6"]
[White "Song, Edward"]
[Black "Lin, Tony (Juntao)"]
[Result "1/2-1/2"]
[WhiteElo "2311"]
[BlackElo "2204"]
[PlyCount "71"]
[GameId "2160767909292532"]
[EventDate "2013.08.14"]
[EventType "swiss"]
[EventRounds "9"]
[EventCountry "CAN"]

1. e4 e6 2. d4 d5 3. Nc3 Bb4 4. e5 b6 5. a3 Bf8 6. f4 Ne7 7. Nf3 c5 8. Bb5+ Bd7 9. Bd3 c4 10. Be2 Nf5 11. g4 Nh4 12. Nxh4 Qxh4+ 13. Kf1 Nc6 14. Kg2 f6 15. Be3 Be7 16. Qd2 fxe5 17. fxe5 O-O 18. Raf1 h6 19. Bf3 Kh7 20. Ne2 Bg5 21. Nf4 Rf7 22. c3 Bxf4 23. Bxf4 Raf8 24. Bg3 Qd8 25. h4 Be8 26. Qc2+ Kg8 27. g5 h5 28. Qd1 g6 29. Be2 Rf5 30. Qe1 Ne7 31. Bd1 Bd7 32. Bc2 Rxf1 33. Rxf1 Rxf1 34. Qxf1 Nf5 35. Bxf5 gxf5 36. Bf4 1/2-1/2

[Event "NAYCC U16"]
[Site "Toronto CAN"]
[Date "2013.08.17"]
[Round "6"]
[White "Wang, Jalen"]
[Black "Song, Terry"]
[Result "1-0"]
[WhiteElo "2167"]
[BlackElo "2171"]
[PlyCount "200"]
[GameId "2160767909292533"]
[EventDate "2013.08.14"]
[EventType "swiss"]
[EventRounds "9"]
[EventCountry "CAN"]
[SourceTitle "EXT 2022"]
[Source "ChessBase"]
[SourceDate "2021.10.06"]
[SourceVersion "1"]
[SourceVersionDate "2021.10.06"]
[SourceQuality "1"]

1. e4 c5 2. Nf3 d6 3. d4 cxd4 4. Nxd4 Nf6 5. Nc3 a6 6. f3 e5 7. Nb3 Be6 8. Be3 Be7 9. Qd2 O-O 10. g4 d5 11. exd5 Nxd5 12. Nxd5 Bxd5 13. Qe2 Bh4+ 14. Bf2 Qf6 15. Bg2 Bxf2+ 16. Qxf2 Qf4 17. O-O Nc6 18. c3 f5 19. h3 Bc4 20. Rfe1 Rad8 21. Re3 Rd6 22. Rae1 h5 23. gxf5 Bxb3 24. axb3 Qxf5 25. Qe2 b5 26. Qf2 Rfd8 27. R3e2 Qf7 28. b4 Kh8 29. Qc5 Qg6 30. Kh1 Rd5 31. Qb6 Rd1 32. Qf2 Qh6 33. Rxd1 Rxd1+ 34. Kh2 Rd6 35. Qh4 Qf4+ 36. Qxf4 exf4 37. Re4 Rf6 38. h4 Kg8 39. Bh3 Kf7 40. Kg2 Ne7 41. Kf2 Ng6 42. Bd7 Rd6 43. Be8+ Kf6 44. Bxg6 Kxg6 45. Rxf4 Rd2+ 46. Kg3 Rxb2 47. Rd4 Kf7 48. Rd6 Ra2 49. Rd5 g6 50. Rc5 Re2 51. Kf4 Re6 52. Kg5 Kg7 53. f4 Kh7 54. f5 gxf5 55. Kxf5 Rg6 56. Rc7+ Kh6 57. Rf7 Rg4 58. Rf6+ Kg7 59. Rxa6 Rxh4 60. Rc6 Rh1 61. Rc5 Rc1 62. Kg5 Rh1 63. Rxb5 h4 64. Kg4 Kf6 65. Rc5 Ke6 66. Kf3 Kd6 67. Kg2 Re1 68. Rc4 Re3 69. b5 Re2+ 70. Kh3 Kd5 71. Rc8 Rb2 72. Kxh4 Kd6 73. c4 Kd7 74. Rc6 Rg2 75. Rc5 Kd6 76. Rd5+ Kc7 77. c5 Rb2 78. b6+ Kc6 79. Rf5 Rg2 80. Kh5 Rg7 81. Rg5 Re7 82. Kg6 Re6+ 83. Kf7 Re1 84. Rf5 Kd7 85. Kf6 Re6+ 86. Kg5 Re1 87. Kf4 Kc6 88. Re5 Rd1 89. Kf5 Rf1+ 90. Ke6 Rh1 91. Ke7 Rh7+ 92. Kd8 Rh6 93. Re7 Rh8+ 94. Re8 Rh6 95. Kc8 Kxc5 96. b7 Rc6+ 97. Kd7 Rd6+ 98. Ke7 Kc6 99. b8=Q Rd7+ 100. Ke6 Rc7 1-0

[Event "NAYCC U16"]
[Site "Toronto CAN"]
[Date "2013.08.17"]
[Round "6"]
[White "Wu, Stanley"]
[Black "Polavarapu, Satyaveer"]
[Result "1-0"]
[WhiteElo "1797"]
[BlackElo "1186"]
[PlyCount "87"]
[GameId "2160767909292534"]
[EventDate "2013.08.14"]
[EventType "swiss"]
[EventRounds "9"]
[EventCountry "CAN"]
[SourceTitle "EXT 2022"]
[Source "ChessBase"]
[SourceDate "2021.10.06"]
[SourceVersion "1"]
[SourceVersionDate "2021.10.06"]
[SourceQuality "1"]

1. e4 e5 2. Nf3 Nc6 3. Bc4 Nf6 4. Ng5 d5 5. exd5 Nxd5 6. d4 Be6 7. Nxe6 fxe6 8. dxe5 Nxe5 9. Qh5+ Nf7 10. O-O g6 11. Qg4 Qd7 12. Re1 O-O-O 13. Qd4 b5 14. Qxa7 Qc6 15. Bb3 Nf4 16. Bxf4 Bc5 17. Bxe6+ Rd7 18. Bxd7+ Kxd7 19. Qa5 Nd6 20. Qc3 Rf8 21. Bg3 Ne4 22. Qd3+ Nd6 23. Nc3 Qb6 24. Ne4 Kc6 25. Nxc5 Qxc5 26. a4 Kd7 27. axb5 Qxb5 28. Rad1 Qxd3 29. Rxd3 h5 30. Red1 Re8 31. Bxd6 cxd6 32. Rxd6+ Ke7 33. Re1+ Kf8 34. Rxe8+ Kxe8 35. Rxg6 Kd7 36. g4 hxg4 37. Kg2 Kc7 38. Kg3 Kb7 39. Kxg4 Ka7 40. h4 Kb7 41. h5 Kc7 42. h6 Kd7 43. h7 Ke7 44. h8=R 1-0

[Event "NAYCC U16"]
[Site "Toronto CAN"]
[Date "2013.08.17"]
[Round "6"]
[White "Xu, Grant"]
[Black "Velikanov, Alexander"]
[Result "0-1"]
[WhiteElo "2284"]
[BlackElo "2332"]
[PlyCount "150"]
[GameId "2160767909292535"]
[EventDate "2013.08.14"]
[EventType "swiss"]
[EventRounds "9"]
[EventCountry "CAN"]
[SourceTitle "EXT 2022"]
[Source "ChessBase"]
[SourceDate "2021.10.06"]
[SourceVersion "1"]
[SourceVersionDate "2021.10.06"]
[SourceQuality "1"]

1. e4 e6 2. b3 b6 3. Bb2 Bb7 4. Qe2 c5 5. f4 d5 6. exd5 Qxd5 7. Na3 Nf6 8. Nf3 Be7 9. Qe3 O-O 10. Bc4 Qe4 11. O-O-O Qxe3 12. dxe3 a6 13. Rhe1 Ne4 14. Ne5 b5 15. Bf1 Nf2 16. Rd2 Ne4 17. Rdd1 c4 18. Nb1 Nf2 19. Rd2 Ne4 20. Rdd1 Bb4 21. c3 cxb3 22. axb3 Rc8 23. Kc2 f6 24. Nd3 Be7 25. Nd2 Nd7 26. Nxe4 Bxe4 27. Kd2 a5 28. Nf2 Bd5 29. Bxb5 Nc5 30. e4 Bxb3 31. Ra1 Rab8 32. c4 Bxc4 33. Bxc4 Rxb2+ 34. Ke3 Kf8 35. Kf3 Nb3 36. Nd3 Rd2 37. Ra4 Rxc4 38. Rxc4 Rxd3+ 39. Ke2 Rd2+ 40. Kf3 Bb4 41. Rb1 Nd4+ 42. Ke3 Nc2+ 43. Kf3 Kf7 44. Rc1 Na3 45. Rc7+ Kg6 46. h4 Nb5 47. f5+ exf5 48. exf5+ Kh6 49. R7c4 Nd4+ 50. Ke4 Ne2 51. Ra1 Ng3+ 52. Kf4 Bd6+ 53. Kf3 Rd5 54. Rca4 Nxf5 55. Rxa5 Nxh4+ 56. Kf2 Rd2+ 57. Ke3 Rxg2 58. Rh1 g5 59. Ra6 Be5 60. Ke4 Kg6 61. Rc1 Rd2 62. Rc5 Rd4+ 63. Ke3 Kf5 64. Rc8 h5 65. Rh8 Ng2+ 66. Kf2 Nf4 67. Ra7 Rd2+ 68. Kf1 Kg4 69. Ra3 Bd4 70. Ke1 Rg2 71. Rd8 Re2+ 72. Kf1 Be3 73. Rg8 Kf3 74. Re8 Rf2+ 75. Kg1 Ne2+ 0-1

[Event "NAYCC U16"]
[Site "Toronto CAN"]
[Date "2013.08.17"]
[Round "7"]
[White "Jeyapragasan, Kuhan"]
[Black "Qian, Owen"]
[Result "1/2-1/2"]
[WhiteElo "1768"]
[BlackElo "2025"]
[PlyCount "47"]
[GameId "2160767909292536"]
[EventDate "2013.08.14"]
[EventType "swiss"]
[EventRounds "9"]
[EventCountry "CAN"]
[SourceTitle "hb 2013"]

1. d4 Nf6 2. Bg5 d5 3. Bxf6 exf6 4. e3 Bd6 5. c4 dxc4 6. Bxc4 O-O 7. Nf3 c5 8. Nbd2 Nc6 9. dxc5 Bxc5 10. Rc1 Be7 11. O-O f5 12. Qe2 Bf6 13. Nb3 Qe7 14. Rfd1 Be6 15. Nbd4 Bxc4 16. Rxc4 Nxd4 17. Nxd4 g6 18. Qc2 Be5 19. Nf3 Rfd8 20. Nxe5 Qxe5 21. Rxd8+ Rxd8 22. Rc8 Qd5 23. Rxd8+ Qxd8 24. g3 1/2-1/2

[Event "NAYCC U16"]
[Site "Toronto CAN"]
[Date "2013.08.17"]
[Round "7"]
[White "Karamsetty, Jeevan"]
[Black "Wang, Jalen"]
[Result "1/2-1/2"]
[WhiteElo "2196"]
[BlackElo "2067"]
[PlyCount "80"]
[GameId "2160767909292537"]
[EventDate "2013.08.14"]
[EventType "swiss"]
[EventRounds "9"]
[EventCountry "CAN"]
[SourceTitle "hb 2013"]

1. e4 g6 2. d4 Bg7 3. c3 d6 4. Bd3 Nf6 5. Nf3 O-O 6. O-O c5 7. h3 a6 8. Be3 Nbd7 9. Re1 b5 10. Bc2 e5 11. Nbd2 Qc7 12. Nf1 Bb7 13. d5 a5 14. Ng3 Ba6 15. Nd2 Rfe8 16. Kh1 c4 17. a3 Rab8 18. f4 exf4 19. Bxf4 Ne5 20. Nf3 Nxf3 21. Qxf3 Nd7 22. Rf1 Ne5 23. Qe3 Qb6 24. Qd2 Bc8 25. Bh6 Qd8 26. Bxg7 Kxg7 27. Rf4 Rb7 28. Raf1 Rf8 29. Rf6 Qxf6 30. Rxf6 Kxf6 31. Qh6 Ke7 32. Qxh7 b4 33. Qh4+ f6 34. axb4 axb4 35. cxb4 Rxb4 36. Ne2 Rxb2 37. Nd4 Bd7 38. Qh7+ Rf7 39. Qh8 Rf8 40. Qh7+ Rf7 1/2-1/2

[Event "NAYCC U16"]
[Site "Toronto CAN"]
[Date "2013.08.17"]
[Round "7"]
[White "Lin, Tony (Juntao)"]
[Black "Xu, Grant"]
[Result "0-1"]
[WhiteElo "2204"]
[BlackElo "2284"]
[PlyCount "78"]
[GameId "2160767909292538"]
[EventDate "2013.08.14"]
[EventType "swiss"]
[EventRounds "9"]
[EventCountry "CAN"]
[SourceTitle "hb 2013"]

1. d4 Nf6 2. c4 e6 3. Nc3 Bb4 4. f3 Nh5 5. Nh3 c5 6. e3 f5 7. a3 Bxc3+ 8. bxc3 O-O 9. Bd3 d6 10. Qc2 e5 11. O-O Nc6 12. d5 Na5 13. Bd2 g6 14. Be1 f4 15. exf4 Bxh3 16. fxe5 Bf5 17. Bxf5 gxf5 18. e6 Nf4 19. Bd2 Qh4 20. Be1 Qg5 21. h4 Qe7 22. g3 Nh5 23. Qa4 b6 24. Kg2 Qe8 25. Qb5 Qxb5 26. cxb5 Nc4 27. Bf2 Nf6 28. Rfd1 Rfe8 29. Kh3 h5 30. a4 a6 31. a5 axb5 32. axb6 Nxb6 33. Rab1 Nbxd5 34. Rxb5 Nxc3 35. Rxd6 Nxb5 36. Rb6 Nd4 37. Bxd4 cxd4 38. Rb5 Rxe6 39. Rxf5 Ra2 0-1

[Event "NAYCC U16"]
[Site "Toronto CAN"]
[Date "2013.08.17"]
[Round "7"]
[White "Mattekatt, Joe"]
[Black "Wu, Stanley"]
[Result "0-1"]
[WhiteElo "871"]
[BlackElo "1797"]
[PlyCount "112"]
[GameId "2160767909292539"]
[EventDate "2013.08.14"]
[EventType "swiss"]
[EventRounds "9"]
[EventCountry "CAN"]
[SourceTitle "hb 2013"]

1. d4 d5 2. c4 c6 3. Nc3 Nf6 4. e3 e6 5. Nf3 Nbd7 6. Bd3 dxc4 7. Bxc4 b5 8. Be2 b4 9. Na4 Be7 10. O-O O-O 11. a3 bxa3 12. bxa3 c5 13. dxc5 Nxc5 14. Qxd8 Rxd8 15. Nxc5 Bxc5 16. Bb2 Bb7 17. Rfd1 Rac8 18. Bd4 Bxd4 19. Rxd4 Kf8 20. h3 Rxd4 21. Nxd4 Be4 22. f3 Bg6 23. e4 Nh5 24. Ra2 Nf4 25. Kf2 Ke7 26. Rc2 Rxc2 27. Nxc2 Kd6 28. Bf1 e5 29. Ne3 Kc5 30. Nf5 Bxf5 31. exf5 Kd4 32. g4 Kc3 33. Ke3 Kb3 34. Ke4 f6 35. h4 Kxa3 36. g5 Kb4 37. Ke3 Kb3 38. Ba6 Kb4 39. Kd2 Kb3 40. Ke3 Ng2+ 41. Ke4 Nxh4 42. gxf6 gxf6 43. f4 exf4 44. Kxf4 Ng2+ 45. Kg4 Ne3+ 46. Kf4 Nd5+ 47. Kg4 Nb4 48. Bc8 a5 49. Kh5 a4 50. Kh6 Kc4 51. Kxh7 Kd4 52. Kg6 Ke5 53. Be6 a3 54. Kh5 a2 55. Bxa2 Nxa2 56. Kg4 Nc3 0-1

[Event "NAYCC U16"]
[Site "Toronto CAN"]
[Date "2013.08.17"]
[Round "7"]
[White "Nasir, Zehn"]
[Black "Song, Edward"]
[Result "0-1"]
[WhiteElo "2089"]
[BlackElo "2311"]
[PlyCount "77"]
[GameId "2160767909292540"]
[EventDate "2013.08.14"]
[EventType "swiss"]
[EventRounds "9"]
[EventCountry "CAN"]
[SourceTitle "hb 2013"]

1. e4 g6 2. Nf3 Bg7 3. d4 d6 4. Nc3 Nf6 5. Be3 O-O 6. Qd2 c6 7. a4 Qc7 8. h3 Nbd7 9. Be2 e5 10. dxe5 dxe5 11. O-O Re8 12. Rad1 Bf8 13. Bc4 Nc5 14. Ng5 Ne6 15. f3 a6 16. Qf2 Nxg5 17. Bxg5 Nh5 18. Rd2 b5 19. axb5 axb5 20. Bb3 Nf4 21. Rfd1 Be6 22. Bxe6 Nxe6 23. Be3 Red8 24. Rxd8 Rxd8 25. Qg3 Rxd1+ 26. Nxd1 Qd6 27. Nf2 Nd4 28. Bxd4 Qxd4 29. c3 Qe3 30. Kh2 Bc5 31. Qxe5 Qxf2 32. Qe8+ Bf8 33. b4 Qd2 34. e5 Qxc3 35. f4 Qxb4 36. g3 Qd2+ 37. Kh1 Qe1+ 38. Kg2 Qe4+ 39. Kh2 0-1

[Event "NAYCC U16"]
[Site "Toronto CAN"]
[Date "2013.08.17"]
[Round "7"]
[White "Polavarapu, Satyaveer"]
[Black "Bao, Tony Bohan"]
[Result "0-1"]
[WhiteElo "1156"]
[BlackElo "1895"]
[PlyCount "72"]
[GameId "2160767909292541"]
[EventDate "2013.08.14"]
[EventType "swiss"]
[EventRounds "9"]
[EventCountry "CAN"]
[SourceTitle "EXT 2022"]
[Source "ChessBase"]
[SourceDate "2021.10.06"]
[SourceVersion "1"]
[SourceVersionDate "2021.10.06"]
[SourceQuality "1"]

1. e4 c5 2. Nf3 d6 3. d4 cxd4 4. Nxd4 Nf6 5. Nc3 a6 6. Bd3 e6 7. f4 Be7 8. e5 dxe5 9. fxe5 Nfd7 10. Qg4 Nxe5 11. Qxg7 Bf6 12. Qh6 Qxd4 13. Qxf6 Nxd3+ 14. cxd3 Qxf6 15. Ne4 Qd4 16. Bd2 Qxd3 17. Nf2 Qg6 18. O-O Rg8 19. g3 h5 20. Bf4 h4 21. Kg2 b5 22. Rae1 Bb7+ 23. Ne4 Bxe4+ 24. Rxe4 Qxe4+ 25. Rf3 h3+ 26. Kf2 Qc2+ 27. Kf1 Qxh2 28. g4 Qh1+ 29. Ke2 h2 30. Rf2 Qe4+ 31. Be3 h1=Q 32. Rf1 Qc4+ 33. Kf2 Qcxf1+ 34. Kg3 Rxg4+ 35. Kxg4 Qhg2+ 36. Kh4 Qfh1# 0-1

[Event "NAYCC U16"]
[Site "Toronto CAN"]
[Date "2013.08.17"]
[Round "7"]
[White "Qian, Lanting"]
[Black "Thanabalachandran, Kajan"]
[Result "1-0"]
[WhiteElo "1518"]
[BlackElo "1823"]
[PlyCount "91"]
[GameId "2160767909292542"]
[EventDate "2013.08.14"]
[EventType "swiss"]
[EventRounds "9"]
[EventCountry "CAN"]
[SourceTitle "hb 2013"]

1. e4 c5 2. Nf3 e6 3. c4 g6 4. d4 cxd4 5. Nxd4 Bg7 6. Nc3 Nc6 7. Be3 Nge7 8. Be2 O-O 9. O-O a6 10. Qd2 d5 11. cxd5 exd5 12. exd5 Nxd5 13. Nxc6 bxc6 14. Nxd5 Qxd5 15. Qxd5 cxd5 16. Rad1 Be6 17. b3 Rfe8 18. Bd4 a5 19. Bxg7 Kxg7 20. Rd4 Rac8 21. Rfd1 Rc2 22. R4d2 Rec8 23. f4 Bf5 24. Bf3 Be4 25. Kf2 f5 26. Bxe4 dxe4 27. Ke3 R8c3+ 28. Kd4 e3 29. Rxc2 Rxc2 30. Kxe3 Rxg2 31. Rd2 Rxd2 32. Kxd2 Kf6 33. Ke3 Ke6 34. Kd4 Kd6 35. a3 Kc6 36. Ke5 Kb5 37. Kd5 Kb6 38. Kc4 Kc6 39. h4 Kb6 40. Kd5 Kb5 41. Ke6 Kc5 42. Ke5 Kb5 43. Kf6 Kc5 44. Kg7 g5 45. hxg5 h5 46. gxh6 1-0

[Event "NAYCC U16"]
[Site "Toronto CAN"]
[Date "2013.08.17"]
[Round "7"]
[White "Song, Terry"]
[Black "Ding, Andrew"]
[Result "1-0"]
[WhiteElo "2171"]
[BlackElo "2228"]
[PlyCount "45"]
[GameId "2160767909292543"]
[EventDate "2013.08.14"]
[EventType "swiss"]
[EventRounds "9"]
[EventCountry "CAN"]
[SourceTitle "hb 2013"]

1. e4 c5 2. Nc3 e6 3. f4 Nc6 4. Nf3 d6 5. Bb5 g6 6. Bxc6+ bxc6 7. d3 Bg7 8. O-O Qb6 9. Qe1 Ne7 10. Kh1 Ba6 11. f5 gxf5 12. exf5 Nxf5 13. Ng5 O-O 14. g4 Ne7 15. Qh4 h6 16. Nge4 Qd8 17. Bg5 Re8 18. Nf6+ Kf8 19. Bxh6 Ng6 20. Bxg7+ Kxg7 21. Qh7+ Kf8 22. Nxe8 Qxe8 23. Qxg6 1-0

[Event "NAYCC U16"]
[Site "Toronto CAN"]
[Date "2013.08.17"]
[Round "7"]
[White "Sun, Mike"]
[Black "Li, Robert"]
[Result "1-0"]
[WhiteElo "2021"]
[BlackElo "1847"]
[PlyCount "163"]
[GameId "2160767909292544"]
[EventDate "2013.08.14"]
[EventType "swiss"]
[EventRounds "9"]
[EventCountry "CAN"]
[SourceTitle "hb 2013"]

1. e4 e5 2. Nf3 Nc6 3. Bb5 a6 4. Ba4 Nf6 5. d3 b5 6. Bb3 Bc5 7. O-O d6 8. c3 O-O 9. a4 Bb7 10. Bg5 h6 11. Bh4 g5 12. Bg3 Re8 13. Nbd2 Bb6 14. Re1 Ne7 15. Nf1 Ng6 16. Ne3 Rf8 17. h4 Bxe3 18. Rxe3 Ng4 19. Re1 Kh7 20. Nxg5+ hxg5 21. Qxg4 gxh4 22. Bh2 Qf6 23. Re3 Rg8 24. Qf3 Nf4 25. Bxf4 exf4 26. Qh5+ Kg7 27. Rh3 Rh8 28. Qg4+ Kf8 29. Rf3 Rh7 30. Rxf4 Qh6 31. Qf3 Qg6 32. Kh2 Ke7 33. axb5 axb5 34. Rxa8 Bxa8 35. Qg4 Qh6 36. Rf5 Rg7 37. Rh5 Rxg4 38. Rxh6 Rf4 39. Kg1 Bc6 40. f3 Bd7 41. Kf2 Rf6 42. Rxh4 Rg6 43. Rh5 Rg8 44. g4 Ra8 45. Ke3 Ra1 46. Rh2 Kf6 47. Kf4 Rf1 48. Rh7 Be6 49. Bxe6 Kxe6 50. Rh6+ Ke7 51. Rh2 Kf6 52. Rg2 Kg6 53. d4 Kf6 54. Re2 Rb1 55. e5+ dxe5+ 56. dxe5+ Ke6 57. Kg5 Rf1 58. f4 Kd7 59. f5 Ke7 60. Rg2 Re1 61. Kf4 Rf1+ 62. Ke4 Re1+ 63. Kd4 c6 64. Rd2 Rg1 65. Kc5 Rxg4 66. Kxc6 b4 67. Rd4 Rg5 68. Rxb4 Rxf5 69. Kd5 Rh5 70. Rb7+ Kf8 71. Rb6 Ke7 72. Rf6 Rh2 73. b4 Rd2+ 74. Kc5 Re2 75. Rf5 Ke6 76. Rh5 Rd2 77. c4 Rd1 78. b5 Rd8 79. b6 Rc8+ 80. Kb5 Kd7 81. Rf5 Ke6 82. Rf6+ 1-0

[Event "NAYCC U16"]
[Site "Toronto CAN"]
[Date "2013.08.17"]
[Round "7"]
[White "Velikanov, Alexander"]
[Black "Fu, James"]
[Result "1-0"]
[WhiteElo "2332"]
[BlackElo "2233"]
[PlyCount "97"]
[GameId "2160767909292545"]
[EventDate "2013.08.14"]
[EventType "swiss"]
[EventRounds "9"]
[EventCountry "CAN"]
[SourceTitle "hb 2013"]

1. d4 Nf6 2. c4 e6 3. Nf3 d5 4. Nc3 Be7 5. Bg5 O-O 6. e3 Nbd7 7. Bd3 c5 8. cxd5 Nxd5 9. Bxe7 Qxe7 10. Nxd5 exd5 11. dxc5 Nxc5 12. O-O Bg4 13. Be2 Rfd8 14. Nd4 Bxe2 15. Nxe2 Ne6 16. Qd2 Rd7 17. Nd4 Rad8 18. Rac1 Qf6 19. Rfd1 h6 20. Qa5 a6 21. Qb6 Re8 22. Rc2 Qe5 23. h3 Qe4 24. Rcd2 Red8 25. Qa5 Rd6 26. Ne2 Ng5 27. Nc3 Qe6 28. Rxd5 Rxd5 29. Rxd5 Rxd5 30. Qxd5 Qg6 31. h4 Nh3+ 32. Kf1 Nxf2 33. Kxf2 Qc2+ 34. Kf3 Qxb2 35. Ne4 Qc1 36. Qxb7 Qd1+ 37. Kg3 Qe1+ 38. Nf2 Qxe3+ 39. Qf3 Qe5+ 40. Qf4 Qa5 41. a4 g5 42. hxg5 hxg5 43. Qd4 f5 44. Nd3 Qc7+ 45. Ne5 Qa5 46. Qc4+ Kh8 47. Qc8+ Kg7 48. Qd7+ Kf6 49. Qd6+ 1-0

[Event "NAYCC U16"]
[Site "Toronto CAN"]
[Date "2013.08.18"]
[Round "8"]
[White "Bao, Tony Bohan"]
[Black "Sun, Mike"]
[Result "1/2-1/2"]
[WhiteElo "1895"]
[BlackElo "2021"]
[PlyCount "77"]
[GameId "2160767909292546"]
[EventDate "2013.08.14"]
[EventType "swiss"]
[EventRounds "9"]
[EventCountry "CAN"]
[SourceTitle "EXT 2022"]
[Source "ChessBase"]
[SourceDate "2021.10.06"]
[SourceVersion "1"]
[SourceVersionDate "2021.10.06"]
[SourceQuality "1"]

1. Nf3 c5 2. c4 Nc6 3. Nc3 g6 4. g3 Bg7 5. Bg2 e6 6. O-O Nge7 7. d3 O-O 8. Be3 d6 9. Qc1 Rb8 10. Rb1 b6 11. Rd1 Nd4 12. Bxd4 cxd4 13. Nb5 Nc6 14. Nd2 Bb7 15. Bxc6 Bxc6 16. Nxa7 Bd7 17. Ra1 Qe8 18. a4 Bxa4 19. b3 Bc6 20. Qa3 Qd7 21. Nxc6 Qxc6 22. Rdc1 Ra8 23. Qb4 Bh6 24. Rcb1 Rfc8 25. Nf3 e5 26. Ra4 Bf8 27. Qd2 b5 28. Rxa8 Rxa8 29. Qb2 b4 30. Ra1 Bh6 31. Ra2 Kg7 32. Qa1 Rxa2 33. Qxa2 Kf6 34. Qa5 Qc5 35. Qd8+ Kg7 36. Qa8 Bc1 37. Kf1 Qc7 38. Qa4 Qc5 39. Qa8 1/2-1/2

[Event "NAYCC U16"]
[Site "Toronto CAN"]
[Date "2013.08.18"]
[Round "8"]
[White "Ding, Andrew"]
[Black "Wu, Stanley"]
[Result "1-0"]
[WhiteElo "2228"]
[BlackElo "1797"]
[PlyCount "109"]
[GameId "2160767909292547"]
[EventDate "2013.08.14"]
[EventType "swiss"]
[EventRounds "9"]
[EventCountry "CAN"]
[SourceTitle "EXT 2022"]
[Source "ChessBase"]
[SourceDate "2021.10.06"]
[SourceVersion "1"]
[SourceVersionDate "2021.10.06"]
[SourceQuality "1"]

1. d4 d5 2. c4 c6 3. Nf3 Nf6 4. Nc3 e6 5. Bg5 Be7 6. e3 Nbd7 7. Bd3 dxc4 8. Bxc4 Nd5 9. Bxe7 Qxe7 10. O-O Nxc3 11. bxc3 O-O 12. Bd3 e5 13. Qc2 h6 14. Bf5 exd4 15. cxd4 Nf6 16. Bd3 Nd5 17. Qd2 Qb4 18. Rab1 Qxd2 19. Nxd2 Nb6 20. Rfc1 Re8 21. Ne4 Bf5 22. Nf6+ gxf6 23. Bxf5 Re7 24. Rc5 Kg7 25. Ra5 Nc4 26. Rc5 Nd6 27. Bd3 Rd8 28. Kf1 Rdd7 29. Rbc1 Ne4 30. Ra5 a6 31. f3 Nd6 32. Kf2 Nb5 33. a4 Nc7 34. Rac5 Nd5 35. Be4 Nc7 36. g4 Ne8 37. Bf5 Rd8 38. h4 Nc7 39. Be4 Ne8 40. Rg1 Nd6 41. Bd3 Ree8 42. g5 hxg5 43. hxg5 fxg5 44. Rcxg5+ Kf6 45. e4 Ke6 46. e5 Nc8 47. R1g4 b5 48. Rf5 Rg8 49. Rgf4 Rg7 50. Rf6+ Kd5 51. Bb1 c5 52. Ba2+ c4 53. Bb1 b4 54. Ke3 b3 55. Be4# 1-0